| 000 | 00669nam a2200193 a 4500 | ||
|---|---|---|---|
| 001 | 000046189 | ||
| 005 | 20201002052709.0 | ||
| 008 | 150703s2015 dr a 000 0 spa d | ||
| 020 | _a9789945892765 | ||
| 040 |
_aDO-SdBNP _bspa _cBNPHU |
||
| 082 |
_axxxx _bxxxx |
||
| 100 | 1 |
_aPérez de Disla, Digna Emérita _955994 |
|
| 245 | 1 | 0 |
_aFe sin limites : _bla fe al alcance de todos / _cDigna Emérita Pérez de Disla. |
| 260 |
_aSanto Domingo : _b[s. n.], _c2015. |
||
| 300 |
_a168 p. ; _c22 cm. |
||
| 500 | _aIncluye datos biográficos de la autora en las solapas | ||
| 500 | _aLa biblioteca posee 1 ejemplar autografiado por la autora | ||
| 504 | _aBibliografía : p. 167 | ||
| 999 |
_c45678 _d45678 |
||